<?xml version="1.0" encoding="UTF-8"?>
<marc:record xmlns:marc="http://www.loc.gov/MARC21/slim">
   <marc:leader>00000nam a2200000 a 4500</marc:leader>
   <marc:datafield ind1=" " ind2=" " tag="653">
      <marc:subfield code="a">DVD-Video</marc:subfield>
   </marc:datafield>
   <marc:datafield ind1=" " ind2=" " tag="653">
      <marc:subfield code="a">Comedy, Komödie, Slapstick, Satire, deutscher Unterhaltungsfilm (Spielfilme auf DVD)</marc:subfield>
   </marc:datafield>
   <marc:datafield ind1="0" ind2="0" tag="245">
      <marc:subfield code="a">Logan Lucky </marc:subfield>
   </marc:datafield>
   <marc:datafield ind1=" " ind2="1" tag="264">
      <marc:subfield code="b">Studiocanal GmbH</marc:subfield>
      <marc:subfield code="c">2018</marc:subfield>
   </marc:datafield>
   <marc:datafield ind1="1" ind2=" " tag="490">
      <marc:subfield code="a">Studiocanal</marc:subfield>
   </marc:datafield>
   <marc:datafield ind1="1" ind2=" " tag="520">
      <marc:subfield code="a">Darsteller: Channing Tatum,Adam Driver, Seth MacFarlane, Daniel Craig, Hilary Swank, Riley Keough
Komponist: David Holmes
Jimmy Logan hat die Nase voll, nachdem er auch seinen neuesten Job verloren hat. Um seiner Tochter eine sichere Zukunft zu gewährleisten, die bei der von Jimmy geschiedenen Mutter lebt, überredet er seinen einarmigen Bruder Clyde, der als Barmann arbeitet, zu einem großen Raubzug: Beim legendären NASCAR-Rennen in Virgina wollen sie die Tageskasse ausräumen. Doch dazu brauchen sie Mitstreiter, u.a. einen Bombenspezialisten, den sie erstmal aus dem Knast befreien müssen. Und auch sonst kann verdammt viel schiefgehen.</marc:subfield>
   </marc:datafield>
   <marc:datafield ind1="3" ind2=" " tag="024">
      <marc:subfield code="a">4006680085036</marc:subfield>
   </marc:datafield>
</marc:record>
